| 000 | 00627cam a22002293a 4500 | ||
|---|---|---|---|
| 001 | 26552 | ||
| 003 | PGUSA | ||
| 005 | 20140828083555.0 | ||
| 008 | 080907s2008||||xxu|||||s|||||000 | eng d | ||
| 040 |
_aPGUSA _beng |
||
| 042 | _adc | ||
| 050 | 4 | _aSB | |
| 100 | 1 | _aBenson, Albert H. | |
| 245 | 1 | 0 |
_aFruits of Queensland _h[electronic resource] / _cAlbert H. Benson |
| 260 |
_bProject Gutenberg, _c2008 |
||
| 506 | _aPublic domain in the USA. | ||
| 516 | _aElectronic text | ||
| 653 | _aFruit-culture -- Queensland | ||
| 830 | 0 |
_aProject Gutenberg _v26552 |
|
| 856 | 4 | 0 | _uhttp://www.gutenberg.org/ebooks/26552 |
| 942 | _cEB | ||
| 999 |
_c255807 _d255807 |
||